| 000 | 00620nam a22001937a 4500 | ||
|---|---|---|---|
| 999 |
_c179999 _d179999 |
||
| 005 | 20210720150717.0 | ||
| 010 | _aUR-11154 | ||
| 020 |
_c200.00 _a9789390533596 |
||
| 035 | _aU-9709 | ||
| 037 | _bDBAD/PUB | ||
| 082 | _a841 | ||
| 100 | _aا نو ر آ فا قی | ||
| 245 |
_aلمسو ں کی خو شبو _cا نو ر آ فا قی |
||
| 246 |
_aLamson Ki Khushboo (Urdu) _bby Anwar Afaqui |
||
| 260 |
_aN.Delhi _c2020 ء _bEducational Publishing House |
||
| 270 |
_aD-1/16, Ansari Road, Darya Ganj, _bN.Delhi _e110002 _l- |
||
| 300 |
_a80 ص _c22 Cm(Hb) |
||
| 942 |
_2ddc _cUR _h841 _kا ن و |
||